Things Banned in Different Countries - Statistics

General Stats
  • This quiz has been taken 109 times
    103 since last reset
  • The average score is 6 of 15
Answer Stats
Things Country % Correct
Blue Jeans North Korea
87%
Chewing Gum Singapore
68%
Glitter Toothpaster United Kingdom
66%
Flu Medicene Japan
62%
Plastic Cups France
59%
Coca-Cola Cuba
55%
Not Voting on Election Day Australia
51%
Rainbow Flag Qatar
39%
Water Gun Cambodia
37%
Yellow Clothes Malaysia
29%
Plastic Bags Kenya
22%
Samosas Somalia
18%
Whistles Guatemala
13%
Pencils Tunisia
12%
Jogging Burundi
7%
No matching quizzes found
Score Distribution
Percent of People with Each Score
Percentile by Number Answered
Your Score History
You have not taken this quiz since the last reset